[Event "2nd Lanzarote it"]
[Site "Lanzarote ESP"]
[Date "1974.05.14"]
[Round "7"]
[White "Fernandez, Angel Luis"]
[Black "Zuckerman, Bernard"]
[Result "1/2-1/2"]
[WhiteElo "2200"]
[BlackElo "2455"]
[EventDate "1974.05.07"]
[PlyCount "61"]

1.e4 c5 2.Nf3 d6 3.Bb5+ Bd7 4.Bxd7+ Qxd7 5.d4 cxd4 6.Nxd4 Nf6 7.f3 Nc6 8.
c4 g6 9.Be3 Bg7 10.Nc3 O-O 11.O-O a6 12.Rc1 Rfc8 13.b3 b5 14.cxb5 Nxd4 15.
Bxd4 axb5 16.Qd3 b4 17.Na4 Qb7 18.Qd2 Nd7 19.Bxg7 Kxg7 20.h4 h5 21.Rxc8 
Rxc8 22.Rc1 Rxc1+ 23.Qxc1 d5 24.exd5 Qxd5 25.Qe3 e5 26.Kf2 Qd1 27.Nb2 Qb1 
28.Nc4 Qxa2+ 29.Kg3 Qa1 30.Qd2 Qd4 31.Qxb4 {[Fuente: Zaiko, Oscar Alfredo.
Base de partidas del "02.Arrecife de Lanzarote" ESP 1974. Sitio web OLD IN
CHESS. (Mayo 2001). Espacio virtual oriundo de Argentina. Estuvo 
disponible hasta el ao 2009 en la direccin: http://www.geocities.org/ 
oldinchess/index.htm ]} 1/2-1/2

[Event "2nd Lanzarote it"]
[Site "Lanzarote ESP"]
[Date "1974.05.14"]
[Round "7"]
[White "Garcia Gonzalez, Guillermo"]
[Black "Debarnot, Roberto Luis"]
[Result "1/2-1/2"]
[WhiteElo "2470"]
[BlackElo "2405"]
[EventDate "1974.05.07"]
[PlyCount "63"]

1.d4 Nf6 2.c4 e6 3.Nc3 Bb4 4.e3 c5 5.Bd3 O-O 6.Nf3 d5 7.O-O Nc6 8.a3 Bxc3 
9.bxc3 dxc4 10.Bxc4 Qc7 11.Be2 Rd8 12.c4 b6 13.Bb2 cxd4 14.exd4 Bb7 15.Rc1
Qf4 16.Qc2 Rac8 17.Rfd1 Na5 18.Ne5 Qe4 19.Qxe4 Bxe4 20.f3 Bb7 21.Bc3 Nc6 
22.Nxc6 Rxc6 23.Be1 Ba6 24.Rc3 Rdc8 25.Rdc1 Kf8 26.Kf1 Ke7 27.Bh4 Rd8 28.
Rd1 h6 29.f4 Rcd6 30.c5 Bxe2+ 31.Kxe2 Rc6 32.Rc4 {[Fuente: Zaiko, Oscar 
Alfredo. Base de partidas del "02.Arrecife de Lanzarote" ESP 1974. Sitio 
web OLD IN CHESS. (Mayo 2001). Espacio virtual oriundo de Argentina. 
Estuvo disponible hasta el ao 2009 en la direccin: 
http://www.geocities.org/ oldinchess/index.htm ]} 1/2-1/2

[Event "2nd Lanzarote it"]
[Site "Lanzarote ESP"]
[Date "1974.05.14"]
[Round "7"]
[White "Kavalek, Lubomir"]
[Black "Olafsson, Fridrik"]
[Result "1/2-1/2"]
[WhiteElo "2565"]
[BlackElo "2570"]
[EventDate "1974.05.07"]
[PlyCount "33"]

1.e4 e5 2.Nf3 Nc6 3.Bb5 a6 4.Ba4 Nf6 5.O-O Be7 6.Re1 b5 7.Bb3 d6 8.c3 O-O 
9.h3 Na5 10.Bc2 c5 11.d4 Qc7 12.Nbd2 Re8 13.a3 cxd4 14.cxd4 exd4 15.Nxd4 
Bf8 16.b4 Nc6 17.N2b3 {[Fuente: Zaiko, Oscar Alfredo. Base de partidas del
"02.Arrecife de Lanzarote" ESP 1974. Sitio web OLD IN CHESS. (Mayo 2001). 
Espacio virtual oriundo de Argentina. Estuvo disponible hasta el ao 2009 
en la direccin: http://www.geocities.org/oldinchess/index.htm ]} 1/2-1/2

[Event "2nd Lanzarote it"]
[Site "Lanzarote ESP"]
[Date "1974.05.14"]
[Round "7"]
[White "Visier Segovia, Fernando"]
[Black "Abdel"]
[Result "1-0"]
[WhiteElo "2345"]
[BlackElo "2200"]
[EventDate "1974.05.07"]
[PlyCount "67"]

1.d4 Nf6 2.c4 e6 3.Nc3 d5 4.Bg5 Nbd7 5.e3 c6 6.cxd5 cxd5 7.Bd3 Be7 8.Nf3 
h6 9.Bh4 O-O 10.O-O Re8 11.Rc1 Ne4 12.Nxe4 dxe4 13.Bxe7 Qxe7 14.Bxe4 Nf6 
15.Bd3 b6 16.Bb5 Rd8 17.Bc6 Bb7 18.Qa4 Nd5 19.a3 Rac8 20.Rc2 Bxc6 21.Rxc6 
Rc7 22.Rfc1 Rdc8 23.Ne5 Qe8 24.Rxc7 Qxa4 25.Rxc8+ Kh7 26.Nxf7 Qb3 27.h4 
Kg6 28.Ne5+ Kh5 29.Rg8 Qxb2 30.Rf1 Qxa3 31.Rxg7 Nxe3 32.fxe3 Qxe3+ 33.Kh2 
Qe4 34.g4+ {[Fuente: Zaiko, Oscar Alfredo. Base de partidas del "02. 
Arrecife de Lanzarote" ESP 1974. Sitio web OLD IN CHESS. (Mayo 2001). 
Espacio virtual oriundo de Argentina. Estuvo disponible hasta el ao 2009 
en la direccin: http://www.geocities.org/oldinchess/index.htm ]} 1-0

[Event "2nd Lanzarote it"]
[Site "Lanzarote ESP"]
[Date "1974.05.15"]
[Round "8"]
[White "Abdel"]
[Black "Garcia Martinez, Silvino"]
[Result "0-1"]
[WhiteElo "2200"]
[BlackElo "2450"]
[EventDate "1974.05.07"]
[PlyCount "72"]

1.d4 Nf6 2.c4 c5 3.d5 e6 4.Nc3 exd5 5.cxd5 d6 6.e4 g6 7.Nf3 Bg7 8.Bg5 h6 
9.Bh4 g5 10.Bg3 Nh5 11.Bd3 Nxg3 12.fxg3 a6 13.a4 O-O 14.O-O Qb6 15.Rf2 Bg4
16.a5 Qc7 17.h3 Bxf3 18.Rxf3 Nd7 19.Rf5 Ne5 20.h4 c4 21.Bc2 Qc5+ 22.Kh1 
Qe3 23.Qe1 Ng4 24.Rf3 Qxe1+ 25.Rxe1 Be5 26.Na4 Rac8 27.Nc3 Kg7 28.h5 Nf6 
29.Kh2 Nxh5 30.Nd1 Rc5 31.Ne3 Rd8 32.Ra1 Nf6 33.Ra2 h5 34.Ra4 Ng4+ 35.Nxg4
hxg4 36.Rf1 Bd4 {[Fuente: Zaiko, Oscar Alfredo. Base de partidas del 
"02.Arrecife de Lanzarote" ESP 1974. Sitio web OLD IN CHESS. (Mayo 2001). 
Espacio virtual oriundo de Argentina. Estuvo disponible hasta el ao 2009 
en la direccin: http://www.geocities.org/oldinchess/index.htm ]} 0-1

[Event "2nd Lanzarote it"]
[Site "Lanzarote ESP"]
[Date "1974.05.17"]
[Round "9"]
[White "Enklaar, Bertus"]
[Black "Martz, William Edward"]
[Result "1/2-1/2"]
[WhiteElo "2435"]
[BlackElo "2395"]
[EventDate "1974.05.07"]
[PlyCount "51"]

1.Nf3 Nf6 2.c4 g6 3.Nc3 d5 4.cxd5 Nxd5 5.g3 Bg7 6.Bg2 O-O 7.Nxd5 Qxd5 8.
O-O Nc6 9.d3 Qh5 10.Re1 e5 11.Bd2 e4 12.dxe4 Bxb2 13.Rb1 Bg7 14.Bf4 Qa5 
15.Qd5 Be6 16.Qxa5 Nxa5 17.Bxc7 b6 18.a4 Bb3 19.e5 Bxa4 20.Nd4 Rac8 21.
Rec1 Rxc7 22.Rxc7 Bxe5 23.Rxa7 Bxd4 24.Rb4 Bc6 25.Rxd4 Bxg2 26.Kxg2 {
[Fuente: Zaiko, Oscar Alfredo. Base de partidas del "02.Arrecife de 
Lanzarote" ESP 1974. Sitio web OLD IN CHESS. (Mayo 2001). Espacio virtual 
oriundo de Argentina. Estuvo disponible hasta el ao 2009 en la direccin: 
http://www. geocities.org/oldinchess/index.htm ]} 1/2-1/2

[Event "2nd Lanzarote it"]
[Site "Lanzarote ESP"]
[Date "1974.05.17"]
[Round "9"]
[White "Fernandez, Angel Luis"]
[Black "Abdel"]
[Result "1-0"]
[WhiteElo "2200"]
[BlackElo "2200"]
[EventDate "1974.05.07"]
[PlyCount "105"]

1.e4 e5 2.Nf3 Nc6 3.Bc4 Be7 4.d4 d6 5.d5 Nb8 6.Bd3 Bg4 7.h3 Bh5 8.c4 Nd7 
9.Be3 Ngf6 10.Nbd2 O-O 11.g4 Bg6 12.Nh4 Ne8 13.Nf5 Bxf5 14.exf5 Bg5 15.h4 
Bxe3 16.fxe3 Nc5 17.Ne4 Nxe4 18.Bxe4 Nf6 19.Qf3 Nd7 20.g5 f6 21.Rg1 a5 22.
O-O-O Re8 23.Rd2 Re7 24.Rdg2 Qf8 25.Rh2 Rb8 26.a4 b6 27.b3 Ra8 28.Kb2 Rb8 
29.Kc3 Ra8 30.Rg4 Rb8 31.Bc2 Ra8 32.e4 Ra7 33.Bd1 Ra8 34.Rg3 Rae8 35.Qg2 
Rd8 36.Bh5 Kh8 37.Qf3 Kg8 38.Rf2 Kh8 39.Qe2 Kg8 40.Bg6 h6 41.gxh6 gxh6 42.
Rfg2 Kh8 43.Bh5 Nc5 44.Qe3 Rdd7 45.Rg8+ Qxg8 46.Qxh6+ Rh7 47.Rxg8+ Kxg8 
48.Qg6+ Rhg7 49.Qe8+ Kh7 50.Bg6+ Kh6 51.Qh8+ Rh7 52.Bxh7 Nxe4+ 53.Kd3 {
[Fuente: Zaiko, Oscar Alfredo. Base de partidas del "02.Arrecife de 
Lanzarote" ESP 1974. Sitio web OLD IN CHESS. (Mayo 2001). Espacio virtual 
oriundo de Argentina. Estuvo disponible hasta el ao 2009 en la direccin: 
http://www.geocities.org/oldinchess/index.htm ]} 1-0

[Event "2nd Lanzarote it"]
[Site "Lanzarote ESP"]
[Date "1974.05.17"]
[Round "9"]
[White "Garcia Martinez, Silvino"]
[Black "Olafsson, Fridrik"]
[Result "0-1"]
[WhiteElo "2450"]
[BlackElo "2570"]
[EventDate "1974.05.07"]
[PlyCount "80"]

1.e4 e5 2.Nf3 Nc6 3.Bb5 a6 4.Bxc6 dxc6 5.O-O Qd6 6.d3 f6 7.Be3 Ne7 8.Nbd2 
Be6 9.d4 Ng6 10.c3 Qd7 11.dxe5 fxe5 12.Ng5 Bg8 13.Nb3 Qxd1 14.Rfxd1 b6 15.
g3 h6 16.Nh3 a5 17.f4 a4 18.Nd2 exf4 19.gxf4 O-O-O 20.Nf3 Re8 21.Nf2 Bd6 
22.Bxb6 Nxf4 23.Be3 Bc4 24.b3 Ne2+ 25.Kg2 Bf7 26.Rd3 Rhf8 27.Re1 Bh5 28.
Bd2 Nf4+ 29.Bxf4 Rxf4 30.Ng1 Ref8 31.Ngh3 Bf3+ 32.Kg1 R4f6 33.e5 Rg6+ 34.
Kf1 Bg2+ 35.Ke2 Bxe5 36.bxa4 Bxh2 37.a5 Bd5 38.Kd2 Kb7 39.a6+ Ka7 40.Rb1 
Bc4 {[Fuente: Zaiko, Oscar Alfredo. Base de partidas del "02.Arrecife de 
Lanzarote" ESP 1974. Sitio web OLD IN CHESS. (Mayo 2001). Espacio virtual 
oriundo de Argentina. Estuvo disponible hasta el ao 2009 en la direccin: 
http://www.geocities.org/oldinchess/index.htm ]} 0-1

[Event "2nd Lanzarote it"]
[Site "Lanzarote ESP"]
[Date "1974.05.18"]
[Round "10"]
[White "Abdel"]
[Black "Olafsson, Fridrik"]
[Result "0-1"]
[WhiteElo "2200"]
[BlackElo "2570"]
[EventDate "1974.05.07"]
[PlyCount "42"]

1.d4 Nf6 2.c4 g6 3.Nc3 d5 4.cxd5 Nxd5 5.Nf3 Bg7 6.e3 O-O 7.Be2 c5 8.O-O 
cxd4 9.Nxd4 Nc6 10.Bf3 Nxc3 11.Nxc6 Nxd1 12.Nxd8 Nxb2 13.Nxb7 Bxb7 14.Bxb7
Rab8 15.Be4 Nd3 16.Ba3 Bxa1 17.Rxa1 Nb4 18.g4 Rfc8 19.Rb1 Nxa2 20.Rxb8 
Rxb8 21.Bd5 Nc3 {[Fuente: Zaiko, Oscar Alfredo. Base de partidas del "02. 
Arrecife de Lanzarote" ESP 1974. Sitio web OLD IN CHESS. (Mayo 2001). 
Espacio virtual oriundo de Argentina. Estuvo disponible hasta el ao 2009 
en la direccin: http://www.geocities.org/oldinchess/index.htm ]} 0-1

[Event "2nd Lanzarote it"]
[Site "Lanzarote ESP"]
[Date "1974.05.18"]
[Round "10"]
[White "Debarnot, Roberto Luis"]
[Black "Enklaar, Bertus"]
[Result "0-1"]
[WhiteElo "2405"]
[BlackElo "2435"]
[EventDate "1974.05.07"]
[PlyCount "68"]

1.Nf3 g6 2.g3 Bg7 3.d4 c5 4.c4 cxd4 5.Nxd4 Nc6 6.Nxc6 bxc6 7.Bg2 Rb8 8.Nc3
Nf6 9.O-O O-O 10.b3 Bb7 11.Bf4 Rc8 12.Rc1 Qa5 13.Qd2 Rfd8 14.e4 Qh5 15.h3 
d6 16.Bg5 h6 17.Be3 Nd7 18.Na4 c5 19.f4 f5 20.exf5 Bxg2 21.Kxg2 gxf5 22.
Rfe1 Nf6 23.Nc3 Kh8 24.Bf2 e5 25.Qe2 exf4 26.Qxh5 Nxh5 27.g4 fxg4 28.hxg4 
f3+ 29.Kf1 Nf6 30.Bh4 Nxg4 31.Bxd8 Rxd8 32.Re4 h5 33.Nd5 Bd4 34.Rf4 Rg8 {
[Fuente: Zaiko, Oscar Alfredo. Base de partidas del "02.Arrecife de 
Lanzarote" ESP 1974. Sitio web OLD IN CHESS. (Mayo 2001). Espacio virtual 
oriundo de Argentina. Estuvo disponible hasta el ao 2009 en la direccin: 
http://www.geocities.org/oldinchess/index.htm ]} 0-1

[Event "2nd Lanzarote it"]
[Site "Lanzarote ESP"]
[Date "1974.05.18"]
[Round "10"]
[White "Fernandez, Angel Luis"]
[Black "Garcia Gonzalez, Guillermo"]
[Result "0-1"]
[WhiteElo "2200"]
[BlackElo "2470"]
[EventDate "1974.05.07"]
[PlyCount "108"]

1.e4 d6 2.d4 Nf6 3.Bd3 e5 4.Nf3 Nbd7 5.c3 g6 6.O-O Bg7 7.Bg5 h6 8.Be3 O-O 
9.dxe5 dxe5 10.h3 Qe7 11.Nbd2 Nc5 12.Bc2 Rd8 13.Qe2 a5 14.b4 axb4 15.cxb4 
Na4 16.Qb5 c6 17.Qxe5 Be6 18.Bxa4 Rxa4 19.Bc5 Qe8 20.Rad1 Nd7 21.Qf4 Nxc5 
22.bxc5 Bxa2 23.Qe3 Rd7 24.e5 Qd8 25.Ra1 Rd3 26.Qe2 Rda3 27.Ne4 Bc4 28.Qb2
Ra2 29.Rxa2 Rxa2 30.Qb1 Qd3 31.Rd1 Qxb1 32.Rxb1 Bd3 33.Rb4 Bxe4 34.Rxe4 
Bf8 35.Rb4 Ra7 36.Rd4 Bxc5 37.Rd8+ Kg7 38.Rd7 Kf8 39.e6 fxe6 40.Ne5 Ke8 
41.Rh7 Ra1+ 42.Kh2 Bd6 43.f4 Bxe5 44.fxe5 b5 45.Rxh6 c5 46.Rxg6 Kd7 47.
Rg7+ Kc6 48.Re7 Kd5 49.Rb7 Kc6 50.Rb8 Ra7 51.g4 c4 52.g5 Rc7 53.h4 c3 54.
Rf8 c2 {[Fuente: Zaiko, Oscar Alfredo. Base de partidas del "02. Arrecife 
de Lanzarote" ESP 1974. Sitio web OLD IN CHESS. (Mayo 2001). Espacio 
virtual oriundo de Argentina. Estuvo disponible hasta el ao 2009 en la 
direccin: http://www.geocities.org/oldinchess/index.htm ]} 0-1

[Event "2nd Lanzarote it"]
[Site "Lanzarote ESP"]
[Date "1974.05.18"]
[Round "10"]
[White "Martz, William Edward"]
[Black "Garcia Martinez, Silvino"]
[Result "1/2-1/2"]
[WhiteElo "2395"]
[BlackElo "2450"]
[EventDate "1974.05.07"]
[PlyCount "20"]

1.c4 c5 2.Nf3 g6 3.d4 Bg7 4.e4 Qa5+ 5.Nc3 Nc6 6.dxc5 Bxc3+ 7.bxc3 Nf6 8.
Nd2 Qxc3 9.Rb1 Nd4 10.Bb2 Nc2+ {[Fuente: Zaiko, Oscar Alfredo. Base de 
partidas del "02.Arrecife de Lanzarote" ESP 1974. Sitio web OLD IN CHESS. 
(Mayo 2001). Espacio virtual oriundo de Argentina. Estuvo disponible hasta
el ao 2009 en la direccin: http://www.geocities.org/oldinchess/index.htm ]
} 1/2-1/2

[Event "2nd Lanzarote it"]
[Site "Lanzarote ESP"]
[Date "1974.05.20"]
[Round "11"]
[White "Garcia Gonzalez, Guillermo"]
[Black "Abdel"]
[Result "1-0"]
[WhiteElo "2470"]
[BlackElo "2200"]
[EventDate "1974.05.07"]
[PlyCount "67"]

1.d4 d5 2.c4 e6 3.Nc3 Nf6 4.Nf3 Nbd7 5.Bg5 c6 6.cxd5 exd5 7.e3 Be7 8.Bd3 
O-O 9.O-O h6 10.Bh4 Re8 11.Nd2 b6 12.Rc1 Bb7 13.Re1 Ne4 14.Bxe7 Nxc3 15.
bxc3 Rxe7 16.c4 Nf6 17.c5 b5 18.a4 b4 19.a5 Qxa5 20.Qb3 Qc7 21.Qxb4 Bc8 
22.Ra1 Ng4 23.Nf3 Be6 24.Ra6 Bc8 25.Ra5 Rb8 26.Qa3 Nf6 27.Ra1 Ra8 28.h3 
Nh7 29.Ne5 f6 30.Ng6 Rd7 31.e4 Nf8 32.exd5 Nxg6 33.d6 Qd8 34.Bxg6 {
[Fuente: Zaiko, Oscar Alfredo. Base de partidas del "02.Arrecife de 
Lanzarote" ESP 1974. Sitio web OLD IN CHESS. (Mayo 2001). Espacio virtual 
oriundo de Argentina. Estuvo disponible hasta el ao 2009 en la direccin: 
http://www. geocities.org/oldinchess/index.htm ]} 1-0

[Event "2nd Lanzarote it"]
[Site "Lanzarote ESP"]
[Date "1974.05.20"]
[Round "11"]
[White "Garcia Martinez, Silvino"]
[Black "Debarnot, Roberto Luis"]
[Result "1-0"]
[WhiteElo "2450"]
[BlackElo "2405"]
[EventDate "1974.05.07"]
[PlyCount "61"]

1.d4 Nf6 2.c4 e6 3.Nc3 Bb4 4.e3 O-O 5.Bd3 c5 6.Nf3 d5 7.O-O Nc6 8.a3 Bxc3 
9.bxc3 dxc4 10.Bxc4 Qc7 11.Be2 Rd8 12.c4 b6 13.Bb2 cxd4 14.exd4 Bb7 15.a4 
Qf4 16.Ra3 Nb4 17.g3 Qh6 18.Nh4 Nc6 19.Bc1 g5 20.Rd3 Na5 21.d5 Qg7 22.Nf3 
exd5 23.Bxg5 Nxc4 24.Rd4 Re8 25.Bxf6 Qxf6 26.Rf4 Qc3 27.Ng5 Re7 28.Bxc4 
dxc4 29.Nxf7 Qd3 30.Qh5 Rae8 31.Rg4+ {[Fuente: Zaiko, Oscar Alfredo. Base 
de partidas del "02.Arrecife de Lanzarote" ESP 1974. Sitio web OLD IN 
CHESS. (Mayo 2001). Espacio virtual oriundo de Argentina. Estuvo 
disponible hasta el ao 2009 en la direccin: http://www.geocities.org/ 
oldinchess/index.htm ]} 1-0

[Event "2nd Lanzarote it"]
[Site "Lanzarote ESP"]
[Date "1974.05.20"]
[Round "11"]
[White "Kavalek, Lubomir"]
[Black "Visier Segovia, Fernando"]
[Result "0-1"]
[WhiteElo "2565"]
[BlackElo "2345"]
[EventDate "1974.05.07"]
[PlyCount "144"]

1.e4 c5 2.Nf3 Nc6 3.d4 cxd4 4.Nxd4 g6 5.c4 Nf6 6.Nc3 d6 7.Nc2 Bg7 8.Be2 
Nd7 9.Bd2 Nc5 10.b4 Ne6 11.Rc1 O-O 12.O-O Ned4 13.Nxd4 Nxd4 14.Bd3 a5 15.
a3 axb4 16.axb4 Bd7 17.Bg5 h6 18.Be3 Ra3 19.Nb5 Nxb5 20.cxb5 Qe8 21.b6 Bb5
22.Be2 Bc6 23.Qc2 Qd7 24.b5 Bxb5 25.Bxb5 Qxb5 26.Qc7 Qa6 27.Qxe7 Rxe3 28.
fxe3 Qxb6 29.Rfe1 Qa6 30.Qc7 Be5 31.Qc2 b5 32.Qb3 Qb7 33.Qb4 Ra8 34.Rb1 
Ra2 35.Rf1 Qa7 36.Qxb5 Qxe3+ 37.Kh1 Rf2 38.Rxf2 Qxf2 39.Rf1 Qa2 40.Qd5 Qa7
41.g3 h5 42.Kg2 Kg7 43.Rb1 Qe3 44.Rf1 Qa7 45.Qb3 Qc7 46.Rf2 Qa7 47.Ra2 Qd4
48.Qc2 Qe3 49.Qe2 Qb6 50.Ra4 Qb7 51.Qa2 Qe7 52.Ra7 Qf6 53.h4 Bd4 54.Rb7 
Be5 55.Qd2 Qe6 56.Qd5 Qf6 57.Rc7 Bd4 58.Rc2 Be5 59.Rc7 Bd4 60.Qa2 Be5 61.
Rc8 Bd4 62.Re8 Bc5 63.Rb8 Bd4 64.Qd2 Bc5 65.Rb1 Bd4 66.Rf1 Qe5 67.Qd3 Qc5 
68.Rb1 Be5 69.Rb7 Qc1 70.Qe2 Qc3 71.Qf3 Qc2+ 72.Kh3 Qc8+ {[Fuente: Zaiko, 
Oscar Alfredo. Base de partidas del "02.Arrecife de Lanzarote" ESP 1974. 
Sitio web OLD IN CHESS. (Mayo 2001). Espacio virtual oriundo de Argentina.
Estuvo disponible hasta el ao 2009 en la direccin: http://www. 
geocities.org/oldinchess/index.htm ]} 0-1

[Event "2nd Lanzarote it"]
[Site "Lanzarote ESP"]
[Date "1974.05.20"]
[Round "11"]
[White "Olafsson, Fridrik"]
[Black "Martz, William Edward"]
[Result "0-1"]
[WhiteElo "2570"]
[BlackElo "2395"]
[EventDate "1974.05.07"]
[PlyCount "78"]

1.c4 Nf6 2.Nc3 d5 {[La Grnfeld, defensa favorita del norteamericano. ]} 3.
cxd5 Nxd5 4.g3 g6 5.Bg2 Nb6 6.Nf3 Bg7 7.O-O O-O 8.d3 Nc6 9.Be3 e5 {[Se ha 
llegado, por transposicin, a un esquema de la Defensa Siciliana, pero con 
los colores invertidos. ]} 10.a4 a5 11.Nb5 Nd5 12.Bd2 h6 13.Rc1 Be6 14.Rc5
Ndb4 15.Bxb4 $6 ( {Olafsson emprende un plan dudoso; quizs era mejor} 15.
Ne1 {, para presionar sobre la columna semi-abierta.} ) 15...axb4 16.Nd2 
Qe7 17.Rc1 Rfc8 18.Rxc6 $1 {[El sacrificio de calidad es correcto y 
plenamente compensado, pues adems de ganar un pen, las blancas presionan 
fuertemente en el flanco dama. ]} 18...bxc6 19.Bxc6 Rab8 20.Na7 Rf8 21.Bg2
Rb6 22.Nc6 Qd7 23.Qc1 Kh8 24.a5 Ra6 25.Qc5 Qd6 26.Qb5 Rfa8 27.Nc4 Qd7 28.
N4xe5 Qe8 {[Martz se defiende en forma astuta, aprovecha que su rival no 
tiene mucho tiempo en el reloj y le plantea difciles problemas tcticos. ]}
29.Qc5 $6 ( {Era mejor} 29.d4 $142 {, para que el pen pueda colaborar en 
la presin ejercida en el flanco dama.} ) 29...f6 30.Nc4 Bf8 $1 31.Qd4 Rxc6
{[Ahora todo se derrumba para Olafsson, que perdi el control de la 
partida. Martz pasa al contraataque y el poco tiempo en el reloj de 
Olafsson har el resto. ]} 32.Bxc6 Qxc6 33.Qxf6+ Kh7 34.Ne5 Qe8 35.Rc1 c5 
36.Nc4 Bg7 37.Qf3 Bxc4 38.Rxc4 Rxa5 39.Re4 Qd7 {[Comentarios: Quinteros, 
Miguel ngel <gran maestro>. (Revista JAQUE, 01-07-1974). || Fuentes: 1. 
Quinteros, Miguel. Artculo "Miguel A. Quinteros, Vencedor del II Torneo 
Internacional de Lanzarote" 1974. Revista JAQUE. (01-07-1974, ao IV, nmero
31, pginas 10-15). Jos Mara Gonzlez (Editor-Director). San Sebastin, 
Espaa. // 2. Zaiko, Oscar Alfredo. Base de partidas del "02.Arrecife de 
Lanzarote" ESP 1974. Sitio web OLD IN CHESS. (Mayo 2001). Espacio virtual 
oriundo de Argentina. Estuvo disponible hasta el ao 2009 en la direccin: 
http://www.geocities.org/oldinchess/index.htm ]} 0-1

[Event "2nd Lanzarote it"]
[Site "Lanzarote ESP"]
[Date "1974.05.20"]
[Round "11"]
[White "Quinteros, Miguel Angel"]
[Black "Fernandez, Angel Luis"]
[Result "1/2-1/2"]
[WhiteElo "2520"]
[BlackElo "2200"]
[EventDate "1974.05.07"]
[PlyCount "80"]

1.Nf3 d5 2.c4 c6 3.e3 Nf6 4.Nc3 Nbd7 5.d4 e6 6.Bd3 Bd6 7.O-O b6 8.b3 O-O 
9.Bb2 Bb7 10.Qe2 Re8 11.Rfd1 Rc8 12.Rac1 h6 13.Bb1 Ba6 14.Qc2 Nf8 15.g3 
N6d7 16.Ne2 f5 17.Ne5 Qf6 18.f4 g5 19.Qd2 Bb7 20.c5 Bb8 21.b4 b5 22.a4 a6 
23.Kf2 Re7 24.Rg1 g4 25.h3 h5 26.Rh1 Rh7 27.hxg4 hxg4 28.Rxh7 Kxh7 29.Nxg4
Qe7 30.axb5 axb5 31.Rh1+ Kg7 32.Nh6 Nf6 33.Bxf5 exf5 34.Nxf5+ Kf7 35.Nxe7 
Ne4+ 36.Ke1 Nxd2 37.Nxc8 Nc4 38.Bc1 Bxc8 39.f5 Kg7 40.g4 Nh7 {[Fuente: 
Zaiko, Oscar Alfredo. Base de partidas del "02.Arrecife de Lanzarote" ESP 
1974. Sitio web OLD IN CHESS. (Mayo 2001). Espacio virtual oriundo de 
Argentina. Estuvo disponible hasta el ao 2009 en la direccin: http://www. 
geocities.org/oldinchess/index.htm ]} 1/2-1/2